000 01005nam a22002891 4500
001 14539
003 BD-RjUL
005 20211208235640.0
008 140206s1940 nyuacf b 000 0 eng
035 _a(BD-RjUL) 14592
040 _aDLC/ICU
_cICU
_dBD-RjUL
_beng
041 _aeng
051 _cCopy 2.
082 0 0 _a608
_bBUE 1940
100 1 _aBurlingame, Roger,
_d1889-1967.
_939309
245 1 0 _aEngines of democracy;
_binventions and society in mature America /
_cby Roger Burlingame ...
260 _aNew York,
_bC. Scribner's sons;
_aLondon,
_bC. Scribner's sons, ltd.,
_c1940.
300 _axviii, 606 p. :
_bfront. (port.) illus., plates, diagrs. ;
_c25 cm.
504 _aBibliography: p. 545-568.
650 0 _aInventions
_zUnited States.
_945342
650 0 _aTechnology
_xSocial aspects
_zUnited States.
_943125
651 0 _aUnited States
_xCivilization.
_911663
651 0 _aUnited States
_xEconomic conditions.
_945343
942 _2ddc
_cBK
999 _c14539
_d14539